Catholic University of Zimbabwe Library
Online Public Access Catalogue
(OPAC)

Wind, sand and stars (Record no. 12625)

MARC details
000 -LEADER
fixed length control field 00365 a2200109 4500
245 ## - TITLE STATEMENT
Title Wind, sand and stars
Medium print
650 ## - SUBJECT ADDED ENTRY--TOPICAL TERM
Topical term or geographic name entry element literature
260 ## - PUBLICATION, DISTRIBUTION, ETC.
Place of publication, distribution, etc. nyu
Name of publisher, distributor, etc. Reynal & Hitchcock
Date of publication, distribution, etc. [1939]
084 ## -
-- PQ2637.A274 T43 1939h
300 ## - PHYSICAL DESCRIPTION
Extent 9 p.l., 11-306. illus. 22 cm.
Other physical details 9 p.l., 11-306. illus. 22 cm.
Dimensions 9 p.l., 11-306. illus. 22 cm.

No items available.

OPENING HOURS

Weekdays: 0815hrs - 1800hrs
Weekends:0900hrs - 1200hrs

Closed for Mass:

Mon, Thur: 1200hrs - 1300hrs
Sunday & Public Holiday’s

CALL SUPPORT

0242-570570, 0242-570169
09200664, +263 8644140602

LOCATION

18443, Cranborne Avenue, Hatfield, Harare

Other Links


©2021 | CUZ Library